ბათუმის შოთა რუსთაველის სახელმწიფო უნივერსიტეტის ბიბლიოთეკა

Gomella's Neonatology : (ბიბ.ჩანაწერი № 57599)

000 -LEADER
fixed length control field 00820nam a22002297a 4500
005 - DATE AND TIME OF LATEST TRANSACTION
control field 20221105195001.0
008 - FIXED-LENGTH DATA ELEMENTS--GENERAL INFORMATION
fixed length control field 200812s2020 enk||||| |||| 00| 0 eng d
020 ## - INTERNATIONAL STANDARD BOOK NUMBER
International Standard Book Number 9781259644818 1
041 ## - LANGUAGE CODE
Language code of text/sound track or separate title eng
080 ## - UNIVERSAL DECIMAL CLASSIFICATION NUMBER
Universal Decimal Classification number 616-053 G-80
245 ## - TITLE STATEMENT
Title Gomella's Neonatology :
Remainder of title management, Procedures, On-call Problems, Diseases, and Drugs
250 ## - EDITION STATEMENT
Edition statement Eighth Edition
264 ## - PRODUCTION, PUBLICATION, DISTRIBUTION, MANUFACTURE, AND COPYRIGHT NOTICE
Place of production, publication, distribution, manufacture New York :
Name of producer, publisher, distributor, manufacturer McGraw-Hill Education,
Date of production, publication, distribution, manufacture, or copyright notice 2020.
300 ## - PHYSICAL DESCRIPTION
Extent 1439 p.
Other physical details ill.
Dimensions 22 cm.
653 ## - INDEX TERM--UNCONTROLLED
keyword მედიცინა
653 ## - INDEX TERM--UNCONTROLLED
keyword პედიატრია
653 ## - INDEX TERM--UNCONTROLLED
keyword ნეონატალოგია
700 ## - ADDED ENTRY--PERSONAL NAME
Personal name Gomella, Tricia
Relator term რედაქტორი
9 (RLIN) 9176
700 ## - ADDED ENTRY--PERSONAL NAME
Personal name Eyal, Fabien
Relator term რედაქტორი
9 (RLIN) 9177
700 ## - ADDED ENTRY--PERSONAL NAME
Personal name Bany-Mohammed, Fayez
Relator term რედაქტორი
9 (RLIN) 9178
942 ## - ADDED ENTRY ELEMENTS (KOHA)
Source of classification or shelving scheme
Koha item type წიგნი
ეგზემპლარები
Withdrawn status Lost status Source of classification or shelving scheme Damaged status Not for loan Permanent Location Current Location Shelving location Date acquired Cost, normal purchase price Full call number Barcode Date last seen Copy number Price effective from Koha item type Public note
          ბათუმის შოთა რუსთაველის სახელმწიფო უნივერსიტეტის მთავარი ბიბლიოთეკა ბათუმის შოთა რუსთაველის სახელმწიფო უნივერსიტეტის მთავარი ბიბლიოთეკა წიგნსაცავი 2020-08-12 195.00 616-053 G-80 60806 2020-08-12 60806 2020-08-12 წიგნი 195 ლ.